[Event "Weekend A Epifania"]
[Site "Torino ITA"]
[Date "2000.01.??"]
[Round "?"]
[White "Faraoni, Enrico"]
[Black "Banchio, Davide"]
[Result "1-0"]
[WhiteElo "2174"]
[BlackElo "1735"]
[PlyCount "69"]
[EventDate "2000.01.06"]

1. e4 e6 2. d4 d5 3. exd5 exd5 4. c4 c6 5. Bd3 Bb4+ 6. Nc3 Ne7 7. Qb3 dxc4 8.
Bxc4 Bxc3+ 9. bxc3 O-O 10. Bg5 Qc7 11. Nf3 b5 12. Bd3 Re8 13. O-O Bf5 14. Ne5
Be6 15. Qc2 f6 16. Bxh7+ Kf8 17. f4 Nd5 18. Rae1 Nd7 19. Ng6+ Kf7 20. Qd1 Bf5
21. Ne5+ Nxe5 22. Bxf5 fxg5 23. fxe5 Rh8 24. Be6+ Kxe6 25. Qg4+ Ke7 26. Qxg5+
Ke8 27. Qg6+ Kd8 28. Rf7 Ne7 29. Qxg7 Re8 30. Ref1 Kc8 31. R1f6 Rb8 32. Re6 Rb7
33. Rexe7 Rxe7 34. Rf8+ Kd7 35. Qg4+ 1-0

[Event "Weekend A Epifania"]
[Site "Torino ITA"]
[Date "2000.01.??"]
[Round "?"]
[White "Sedina, Elena"]
[Black "Calandra, Simone"]
[Result "1-0"]
[WhiteElo "2419"]
[BlackElo "1804"]
[PlyCount "61"]
[EventDate "2000.01.06"]

1. e4 c5 2. Nf3 Nc6 3. Bb5 d6 4. O-O e5 5. c3 Bg4 6. Re1 g6 7. d4 Qb6 8. Na3
O-O-O 9. h3 Bxf3 10. Qxf3 f6 11. Bxc6 Qxc6 12. Be3 Bg7 13. b4 f5 14. Bg5 Rf8
15. dxc5 dxc5 16. b5 Qc7 17. Nc4 h6 18. Bd2 Ne7 19. a4 Rd8 20. a5 Kb8 21. b6
Qc6 22. a6 axb6 23. axb7 Qxb7 24. Nxb6 Rxd2 25. Nc4 Qd7 26. Reb1+ Kc7 27. Ra7+
Kd8 28. Rb8+ Nc8 29. Rxd7+ Rxd7 30. Nb6 Rc7 31. exf5 1-0

[Event "Weekend A Epifania"]
[Site "Torino ITA"]
[Date "2000.01.??"]
[Round "?"]
[White "Sedina, Elena"]
[Black "Martin, Tiziano"]
[Result "1-0"]
[WhiteElo "2419"]
[BlackElo "1816"]
[PlyCount "110"]
[EventDate "2000.01.06"]

1. e4 e5 2. Nf3 Nc6 3. Bb5 Nf6 4. Bxc6 dxc6 5. d3 Bd6 6. O-O c5 7. b3 Qe7 8.
Bb2 Nd7 9. Nc3 c6 10. Nd2 Nf8 11. Ne2 Ne6 12. Nc4 f6 13. Nxd6+ Qxd6 14. Qd2 O-O
15. f4 exf4 16. Nxf4 Nxf4 17. Rxf4 Be6 18. Qf2 a5 19. Rf1 a4 20. e5 fxe5 21.
Bxe5 Rxf4 22. Qxf4 Qe7 23. Bd6 Qf6 24. Qxf6 gxf6 25. Rxf6 axb3 26. axb3 Bg4 27.
Bxc5 Bd1 28. Rf2 Ra2 29. Rf8+ Kg7 30. Rb8 Bxc2 31. Rxb7+ Kg6 32. Rb6 Bxd3 33.
Rxc6+ Kf5 34. Rh6 Ke5 35. Rh5+ Ke6 36. Bd4 Rc2 37. h3 Ra2 38. Re5+ Kd6 39. Re3
Bb5 40. b4 Bc6 41. Rg3 Bb5 42. Rg5 Bc4 43. b5 Ra5 44. Rg7 Rxb5 45. Rxh7 Kd5 46.
Be3 Rb2 47. Rh5+ Ke4 48. Rh4+ Kd3 49. Rd4+ Kc3 50. Rd8 Re2 51. Bf2 Ra2 52. h4
Bd3 53. h5 Be4 54. Rd4 Re2 55. h6 Ra2 1-0

[Event "Weekend A Epifania"]
[Site "Torino ITA"]
[Date "2000.01.??"]
[Round "2"]
[White "Giacometto, Mario"]
[Black "Faraoni, Enrico"]
[Result "0-1"]
[WhiteElo "1693"]
[BlackElo "2174"]
[PlyCount "91"]
[EventDate "2000.01.06"]

1. e4 d5 2. exd5 Nf6 3. d4 Nxd5 4. c4 Nb6 5. Nf3 g6 6. Bd2 Bg7 7. Bc3 O-O 8.
Be2 Bg4 9. O-O N8d7 10. h3 Bxf3 11. Bxf3 Nxc4 12. Bxb7 Rb8 13. b3 Nd6 14. Bc6
Nf6 15. Qf3 Nb5 16. Bxb5 Rxb5 17. Na3 Rf5 18. Qe2 Nd5 19. Rac1 c5 20. Qa6 Qa8
21. Bd2 cxd4 22. Nb5 Be5 23. Qxa7 Qxa7 24. Nxa7 Bf4 25. Bxf4 Nxf4 26. Nc6 Rg5
27. Nxe7+ Kg7 28. Rc8 d3 29. h4 Rxc8 30. hxg5 Ne2+ 31. Kh2 Rc1 32. Rxc1 Nxc1
33. Nd5 Nxa2 34. Ne3 Nc3 35. Nc4 Ne4 36. Nb2 d2 37. Nd1 Kf8 38. f3 Nxg5 39. Kg3
Ne6 40. Kf2 Nd4 41. b4 Ke7 42. Ke3 Nc2+ 43. Kxd2 Nxb4 44. Nc3 Ke6 45. Ke2 f5
46. g3 0-1

[Event "Weekend A Epifania"]
[Site "Torino ITA"]
[Date "2000.01.??"]
[Round "2"]
[White "Racioppo, Paolo"]
[Black "Gussone, Claudio"]
[Result "1-0"]
[WhiteElo "2189"]
[BlackElo "1707"]
[PlyCount "31"]
[EventDate "2000.01.06"]

1. e4 g6 2. d4 d6 3. Nc3 Bg7 4. Be3 Nf6 5. f3 Nc6 6. Qd2 O-O 7. Nge2 e5 8. d5
Ne7 9. O-O-O Nd7 10. g4 f5 11. gxf5 gxf5 12. Bh6 Bxh6 13. Qxh6 f4 14. Rg1+ Ng6
15. h4 Kh8 16. Rxg6 1-0

[Event "Weekend A Epifania"]
[Site "Torino ITA"]
[Date "2000.01.??"]
[Round "3"]
[White "Martin, Tiziano"]
[Black "Racioppo, Paolo"]
[Result "1-0"]
[WhiteElo "1816"]
[BlackElo "2189"]
[PlyCount "97"]
[EventDate "2000.01.06"]

1. d4 f5 2. Nf3 d6 3. Bf4 Nf6 4. e3 g6 5. Nbd2 Bg7 6. Bc4 e6 7. Qe2 d5 8. Bd3
Nbd7 9. Ng5 Nf8 10. h4 h6 11. Ngf3 Ng4 12. O-O-O Nd7 13. e4 fxe4 14. Nxe4 dxe4
15. Qxe4 Ndf6 16. Qxg6+ Kf8 17. Ne5 Qe8 18. Bg3 Nxe5 19. dxe5 Qxg6 20. Bxg6 Nd5
21. c4 Nb6 22. h5 Bd7 23. Rh4 Ke7 24. Rf4 Kd8 25. Rf7 Kc8 26. Rxg7 Bc6 27. f4
Nxc4 28. f5 b5 29. Bf7 exf5 30. Bxc4 bxc4 31. e6 Kb7 32. Rxc7+ Kb6 33. Rf7 Rhg8
34. Bf2+ Kb5 35. Rxf5+ Ka4 36. Be1 Rg5 37. Rxg5 hxg5 38. Rd4 Kb5 39. Rg4 Bd5
40. Rxg5 Kc6 41. e7 Bf7 42. Bb4 Kd7 43. Rf5 Ke6 44. g4 Rg8 45. Rf4 a5 46. Ba3
Rc8 47. Kd2 Be8 48. Rf8 Kd7 49. h6 1-0

[Event "Weekend A Epifania"]
[Site "Torino ITA"]
[Date "2000.01.??"]
[Round "4"]
[White "Giacometto, Mario"]
[Black "Colovic, Aleksandar"]
[Result "0-1"]
[WhiteElo "1693"]
[BlackElo "2414"]
[PlyCount "58"]
[EventDate "2000.01.06"]

1. e4 Nf6 2. e5 Nd5 3. c4 Nb6 4. c5 Nd5 5. Bc4 e6 6. Nc3 Nxc3 7. bxc3 Nc6 8. d4
b6 9. cxb6 axb6 10. Nf3 Ba6 11. Bg5 Qc8 12. Bd3 h6 13. Bc1 d6 14. O-O Be7 15.
Re1 Bxd3 16. Qxd3 Qa6 17. Qe2 Qxe2 18. Rxe2 dxe5 19. Nxe5 Nxe5 20. Rxe5 Bf6 21.
Re2 Ra4 22. Bf4 Kd7 23. Be5 Bxe5 24. Rxe5 Ra3 25. c4 Rha8 26. d5 exd5 27. Rxd5+
Kc6 28. Rc1 Rxa2 29. h4 Ra1 0-1

[Event "Weekend A Epifania"]
[Site "Torino ITA"]
[Date "2000.01.??"]
[Round "4"]
[White "Racioppo, Paolo"]
[Black "Galasso, Paolo"]
[Result "1-0"]
[WhiteElo "2189"]
[BlackElo "1703"]
[PlyCount "73"]
[EventDate "2000.01.06"]

1. e4 e6 2. d3 d5 3. Nd2 Nc6 4. Ngf3 Bd6 5. c3 Nf6 6. b4 dxe4 7. dxe4 Ne5 8.
Qc2 Nxf3+ 9. Nxf3 Be7 10. Bd3 h6 11. Bb2 Bd7 12. a3 c5 13. Rd1 Qc7 14. Qe2 Bc6
15. b5 Bd7 16. c4 a6 17. Ne5 O-O 18. O-O axb5 19. cxb5 Ra4 20. Bc2 Raa8 21. a4
Rad8 22. f4 Bc8 23. g3 Rxd1 24. Rxd1 Rd8 25. Nc4 Rxd1+ 26. Qxd1 Qd8 27. Qxd8+
Bxd8 28. Nd6 Bd7 29. Nxb7 Be7 30. Ba3 Bc8 31. Bxc5 Bxb7 32. Bxe7 Nxe4 33. a5
Nc3 34. a6 Bd5 35. b6 Ne2+ 36. Kf2 Nd4 37. b7 1-0

[Event "Weekend A Epifania"]
[Site "Torino ITA"]
[Date "2000.01.??"]
[Round "5"]
[White "Tratto, Mimmo"]
[Black "Racioppo, Paolo"]
[Result "0-1"]
[WhiteElo "1827"]
[BlackElo "2189"]
[PlyCount "100"]
[EventDate "2000.01.06"]

1. e4 c5 2. Nf3 a6 3. d4 cxd4 4. Nxd4 Nf6 5. Nc3 e5 6. Nf3 Bb4 7. Bc4 Qc7 8.
Qd3 b5 9. Bb3 Bb7 10. Ng5 O-O 11. Bd2 h6 12. Nf3 d6 13. Nd5 Bxd2+ 14. Nxd2 Nxd5
15. Bxd5 Bxd5 16. Qxd5 Ra7 17. c3 Nd7 18. O-O Nf6 19. Qd3 Qc6 20. Rad1 Rd7 21.
Rfe1 d5 22. exd5 Rxd5 23. Qe2 Rfd8 24. Nf3 Rxd1 25. Rxd1 Rxd1+ 26. Qxd1 Qe4 27.
h3 Nd5 28. Qe1 Qxe1+ 29. Nxe1 Nf4 30. Nc2 Nd3 31. Nb4 Nxb4 32. cxb4 Kf8 33. Kf1
Ke7 34. Ke2 Kd6 35. Kd3 Kd5 36. b3 f5 37. f3 g6 38. g3 e4+ 39. fxe4+ fxe4+ 40.
Ke3 Ke5 41. g4 g5 42. a4 Kd5 43. a5 Ke5 44. Kf2 Kf4 45. Ke2 e3 46. Ke1 Kf3 47.
Kf1 e2+ 48. Ke1 Ke3 49. h4 gxh4 50. g5 h3 0-1

[Event "Weekend A Epifania"]
[Site "Torino ITA"]
[Date "2000.01.??"]
[Round "6"]
[White "Racioppo, Paolo"]
[Black "Calandra, Simone"]
[Result "1/2-1/2"]
[WhiteElo "2189"]
[BlackElo "1804"]
[PlyCount "58"]
[EventDate "2000.01.06"]

1. e4 c5 2. Nc3 Nc6 3. g3 g6 4. Bg2 Bg7 5. Nge2 e5 6. d3 Nge7 7. h4 h5 8. Bg5
f6 9. Be3 d6 10. Bd2 Be6 11. Nd5 Bxd5 12. exd5 Nd4 13. c3 Nxe2 14. Qxe2 f5 15.
Bg5 O-O 16. O-O Qd7 17. c4 Rae8 18. Bh3 Qc7 19. f3 f4 20. Be6+ Kh7 21. g4 Bf6
22. Kf2 hxg4 23. fxg4 Bxg5 24. hxg5 Kg7 25. Rh1 Rh8 26. Kf3 Qd8 27. a3 Rxh1 28.
Rxh1 Rh8 29. Qg2 Rxh1 1/2-1/2